Catálogo
 En Linea

Manuel Orizondo Caraballé : (Registro nro. 21690)

Detalles MARC
000 -CABECERA
campo de control de longitud fija 00594nam a2200181 a 4500
001 - NÚMERO DE CONTROL
campo de control 000022192
005 - FECHA Y HORA DE LA ÚLTIMA TRANSACCIÓN
campo de control 20200930011625.0
008 - DATOS DE LONGITUD FIJA--INFORMACIÓN GENERAL
campo de control de longitud fija 100917s1960 sp a 000 |bspa d
040 ## - FUENTE DE LA CATALOGACIÓN
Centro catalogador/agencia de origen DO-SdBNP
Lengua de catalogación spa
Centro/agencia transcriptor BNPHU
082 ## - NÚMERO DE LA CLASIFICACIÓN DECIMAL DEWEY
Número de clasificación xxx
Número de documento/Ítem O69Ó
049 ## - FONDOS LOCALES (OCLC)
Fondos de biblioteca BNGR
100 1# - ENTRADA PRINCIPAL--NOMBRE DE PERSONA
Nombre de persona Orizondo Meneses, Hugo
9 (RLIN) 45912
245 10 - MENCIÓN DE TÍTULO
Título Manuel Orizondo Caraballé :
Resto del título médico y político cubano :una vida al servicio del pueblo espiritual /
Mención de responsabilidad, etc. Hugo Orizondo Meneses.
260 ## - PUBLICACIÓN, DISTRIBUCIÓN, ETC.
Lugar de publicación, distribución, etc. Madrid :
Nombre del editor, distribuidor, etc. Espasa-Calpe,
Fecha de publicación, distribución, etc. 1960.
300 ## - DESCRIPCIÓN FÍSICA
Extensión 107 p. :
Otras características físicas il. ;
Dimensiones 21 cm.
590 ## - NOTA LOCAL (RLIN)
Nota local Un ejemplar autobiografiado
834 ## -
-- Austral;
-- 372
Existencias
Estado de retiro Estado de pérdida Restricciones de uso No para préstamo Código de colección Localización permanente Ubicación/localización actual Ubicación en estantería Fecha de adquisición Número de inventario Total de préstamos Signatura topográfica completa Código de barras Fecha visto por última vez Precio válido a partir de Tipo de ítem Koha
      Excluido de préstamo Monografías: Libros y Folletos General General En catalogación 17.09.2010 LF1   xxx O69Ó 22192-10 25.06.2020 25.06.2020 No se presta

Con tecnología Koha